000 00681cam a2200193 4500
001 J64333
008 000000n1983 000 0 eng u
035 _a(Sirsi) u112300
110 _aInstitute of Building Control
_93341
245 4 _aThe Institution of Building Control Officers - seventeenth weekend school presented by South Midlands district
260 _aEpsom
_bIBC
_c1983
300 _a36p. ; 30cm.
520 _aStored in basement. Held at Reading University 25th-27th March 1983
650 _aIBC
650 _aINSTITUTE OF BUILDING CONTROL
650 _aPROFESSIONAL ASSOCIATIONS
690 _aMANAGEMENT-BUSINESS MANAGEMENT-PROFESSIONAL PRACTICE
942 _n0
999 _c101396
_d101396